| 000 | 00463nam a2200181Ia 4500 | ||
|---|---|---|---|
| 005 | 20250423101454.0 | ||
| 008 | 250422s9999 xx 000 0 und d | ||
| 020 | _a9789784801232 | ||
| 050 | _aPR 9387.9 .A34/ | ||
| 100 | _aAdichie, Chimamanda Ngozi | ||
| 245 | 4 | _aThe thing around your neck | |
| 260 | _aNigeria | ||
| 260 | _bFarafina | ||
| 260 | _c2009 | ||
| 300 | _a217 p | ||
| 650 | _aShort stories, Nigerian (English) Nigeria--Fiction. | ||
| 942 | _cBK | ||
| 999 |
_c36388 _d36388 |
||